Laffy Taffy Jokes Quiz Stats

Quiz Updated Nov 2, 2015

Challenge
Share
Tweet
Embed
Score 0/20 Timer 05:00
2 Plays Today
% Correct
Because they have good soles!
98.4%
A honey comb!
98.2%
A gummy bear!
98%
Saturday and Sunday. Every other day is a weekday.
97.7%
A watchdog!
97.5%
Because he was already stuffed.
96.8%
Ohio.
96.5%
Never mind it’s too dirty.
96.5%
“You crack me up!”
96.2%
You use a pumpkin patch.
96.2%
% Correct
A pouch potato!
95.9%
You drop it a line.
95.7%
Ground beef.
95.4%
A mushroom!
95.3%
A pain in the glass.
95.1%
I'm in glove with you.
94.9%
In his sleevies!
94.9%
On a map!
94.8%
When there is change in the weather.
94.7%
Because she saw the salad dressing!
94.1%

You're not logged in!

Compare scores with friends on all Sporcle quizzes.
Sign Up with Email
OR
Log In

You Might Also Like...

Show Comments

Extras

Top Quizzes Today


Score Distribution

Your Account Isn't Verified!

In order to create a playlist on Sporcle, you need to verify the email address you used during registration. Go to your Sporcle Settings to finish the process.